000 00513nam a2200181Ia 4500
999 _c29027
_d29027
003 OSt
005 20201130095517.0
008 190216s9999||||xx |||||||||||||| ||und||
020 _a9788182643154
040 _coclc
082 _a894.8123
_bRAJ/U
100 _aRaju, Vaikunda
_97000
245 0 _aUtbavam /
_cVaikunda Raju
260 _bMathrubhumi Printing & publishing,
_aKozhikode:
_c2007.
300 _a116p
650 _aNovel
942 _cBK
_2ddc
_h894.8123
_iRAJ/U
_k894.8123
_mRAJ/U